logo

Bir Sreshtho Munshi Abdur Rouf Library
Jhenaidah Cadet College

একজন মুক্তিযোদ্ধার ছেলে / (Record no. 82)

MARC details
000 -LEADER
fixed length control field 00917naa a2200241 a 4500
001 - CONTROL NUMBER
JCCL Control Number 82
003 - CONTROL NUMBER IDENTIFIER
JCCL marc code BD-JhCC
005 - DATE AND TIME OF LATEST TRANSACTION
control field 20171220132540.0
008 - FIXED-LENGTH DATA ELEMENTS--GENERAL INFORMATION
fixed length control field 170926s2009 bg a|||| ||a| 000 0 ben d
020 ## - INTERNATIONAL STANDARD BOOK NUMBER
International Standard Book Number 9844220803
035 ## - SYSTEM CONTROL NUMBER
system control number (BD-JhCC)82
040 ## - CATALOGING SOURCE
Original cataloging agency BD-JhCC
Modifying agency BD-JhCC
041 ## - LANGUAGE CODE
Language code of Book ben
082 ## - DEWEY DECIMAL CLASSIFICATION NUMBER
Classification number 954.9205
Author mark and Year ANO 2009
100 ## - MAIN ENTRY--PERSONAL NAME
Personal name হক, আনোয়ারা সৈয়দ
245 ## - TITLE STATEMENT
Title একজন মুক্তিযোদ্ধার ছেলে /
Statement of responsibility, etc আনোয়ারা সৈয়দ হক
260 ## - PUBLICATION, DISTRIBUTION, ETC. (IMPRINT)
Place of publication, distribution, etc ঢাকা :
Name of publisher, distributor, etc বিদ্যাপ্রকাশ
Date of publication, distribution, etc 2009
300 ## - PHYSICAL DESCRIPTION
Pagination 72 p. ;
Dimensions 22cm.
650 ## - SUBJECT ADDED ENTRY--TOPICAL TERM
Topical term or geographic name as entry element Bangladesh
General subdivision History of Liberation 1971
773 0# - HOST ITEM ENTRY
Record control number 77
Main entry heading রফিক, আহমদ
Place, publisher, and date of publication ঢাকা : কালার লাইন প্রিন্টাসর্, 2012
Title বাঙালির স্বাধীনতা যুদ্ধ
942 ## - ADDED ENTRY ELEMENTS (KOHA)
Source of classification or shelving scheme Dewey Decimal Classification
Koha item type Books
Holdings
Source of classification or shelving scheme Damaged status Not for loan Home library Current library Shelving location Date of accession Total Checkouts Full call number Barcode Date last seen Copy number Koha item type
Dewey Decimal Classification     JCC Rouf Library JCC Rouf Library General Stacks 09/26/2017   954.9205 HAQ 2009 87 09/26/2017 C-1 Books

JCC Library | Contacts | JCC Home

Last Update on 23 September 2017
Copyright @ 2017-2020 JCC Rouf Library
Rouf Library, Jhenidah Cadet College (JCC), Bangladesh